On writing qualitative research : living by words

Αποθηκεύτηκε σε:
Λεπτομέρειες βιβλιογραφικής εγγραφής
Κύριος συγγραφέας: Ely, Margot
Μορφή: Βιβλίο
Γλώσσα:English
Δημοσίευση: London : Falmer Press, c1997
Σειρά:Falmers Press teachers' library series
Θέματα:
Ετικέτες: Προσθήκη ετικέτας
Δεν υπάρχουν, Καταχωρήστε ετικέτα πρώτοι!

MARC

LEADER 00000nam a2200000 i 4500
001 1/88537
008 990824s1997 eng d
020 |a 0-7507-0603-1 
035 |l 10052558 
040 |a GR-MY-UA  |b gre  |e aacr 
041 0 |a eng 
082 0 |a 808.042 
100 1 |a Ely, Margot. 
245 1 0 |a On writing qualitative research :  |b living by words /  |c Margot Ely ... et. al. 
260 |a London :   |b Falmer Press,   |c c1997 
300 |a 411 p.  |b fig. 
490 1 |a Falmers Press teachers' library series 
504 |a Includes bibliographical references and index 
650 0 0 |a English language  |x Rhetoric. 
650 0 0 |a Research  |x Methodology. 
650 0 0 |a Narration (Rhetoric) 
650 0 0 |a Academic writing. 
650 0 0 |a Authorship. 
830 0 |a Falmers Press teachers' library series 
852 |a INST  |b LESVOS  |e 19990824  |h 808.042 ELY  |p 005100019762  |q 005100019762  |t BK  |y 0 
901 |a BIBL1-1999-2 
909 |a Λ  |b 063520 
922 |a 1ΕΛΗ  |b 199901  |c ΚΠΣ/ΤΓ  |d LEADER 
950 |a 118-1998-10-19 
970 |a ΜΟΥΣΤΑΚΑ  |b ΠΗΝΕΛΟΠΗ  |z 1999/09/06